Socialistický typ státu /

Corporate Author: Vysoká stranická škola při ÚV KSČ. Katedra státu a práva
Other Authors: Balík, Hubert, Jičínský, Zdeněk, 1929-2020
Language: Czech
Published: Praha : Rudé právo, 1956
Edition: Vydání 1.
Series: Vysoká stranická škola při ÚV KSČ
Physical Description: 126 stran ;
Book
Saved in:
LEADER 01516nam a22004092i 4500
001 001562386
003 CZ BrMZK
005 20170130103918.0
007 ta
008 170130s1956 xr er|||||||||||cze d
015 |a cnb000721283 
035 |a (OCoLC)85451166 
040 |a ABD103  |b cze  |c ABC013  |d BOA001  |e rda 
041 0 |a cze 
072 7 |a 37.016  |x Učební osnovy. Vyučovací předměty. Učebnice  |2 Konspekt  |9 22 
072 7 |a 34  |x Právo  |2 Konspekt  |9 16 
245 0 0 |a Socialistický typ státu /  |c Hubert Balík. Mechanismus socialistického státu / Zdeněk Jičínský 
250 |a Vydání 1. 
264 1 |a Praha :  |b Rudé právo,  |c 1956 
300 |a 126 stran ; 
336 |a text  |b txt  |2 rdacontent 
337 |a bez média  |b n  |2 rdamedia 
338 |a svazek  |b nc  |2 rdacarrier 
490 1 |a Vysoká stranická škola při ÚV KSČ 
504 |a Obsahuje bibliografické odkazy 
650 0 7 |a stát a právo  |7 ph307597  |2 czenas 
650 0 7 |a socialismus  |7 ph125740  |2 czenas 
655 7 |a vysokoškolská skripta  |7 fd190824  |2 czenas 
700 1 |a Balík, Hubert  |7 jk01010688  |4 aut 
700 1 |a Jičínský, Zdeněk,  |d 1929-2020  |7 jk01051665  |4 aut 
710 2 |a Vysoká stranická škola při ÚV KSČ.  |b Katedra státu a práva  |4 aut 
740 0 2 |a Mechanismus socialistického státu 
830 0 |a Vysoká stranická škola při ÚV KSČ  |0 s 
910 |a BOA001  |b 2-0355.587 
990 |a BK 
991 |b 201701 
996 6 |b 2618937247  |c 2-0355.578  |l MZK  |r Sklad / do 24 hodin  |n 0  |w 001597692  |u 000010  |a 1  |e BOA001  |j MZK50  |s P